Szczegóły MARC21

Thought leadership meets business : how business schools can become more successful /

003 -Nazwa inst., której nr kontr. jest w polu 001 [,]
    • @
    • Nazwa instytucji, której n kontrolny jest w polu 001
    • NUKAT
005 -DATA I CZAS OSTATNIEJ MODYFIKACJI [,]
    • @
    • pole kontrolne
    • 20241231101121.0
020 -Międzynarod. znormalizowany nr książki - ISBN [ , ]
    • a
    • Numer ISBN
    • 9780521897228 Find
    • q
    • Dopowiedzenie
    • Hardback
020 -Międzynarod. znormalizowany nr książki - ISBN [ , ]
    • a
    • Numer ISBN
    • 9780521159128 Find
    • q
    • Dopowiedzenie
    • Paperback
040 -Instytucja sporządzająca opis [ , ]
    • a
    • Instytucja, która sporządziła opis (NP)
    • SZCZ U/AP
    • c
    • Instytucja, która sporządziła rekord (NP)
    • SZCZ U/AP
    • d
    • Instytucja, która zmodyfikowała rekord (P)
    • SZCZ U/KP
942 -Rodzaj dokumentu [ , ]
    • c
    • Rodzaj dokumentu
    • Książka
100 -Hasło główne - nazwa osobowa [1, ]
    • a
    • Nazwa osobowa (NP)
    • Lorange, Peter
    • d
    • Daty biograficzne (NP)
    • (1943- ).
    • 9
    • KHW
    • 68995
245 -Strefa tytułu i oznaczenia odpowiedzialności [1,0]
    • a
    • Tytuł
    • Thought leadership meets business : Find
    • b
    • Ciąg dalszy tytułu (NP)
    • how business schools can become more successful / Find
    • c
    • Pozostałe elementy strefy tytułu i oznaczenia odpowiedzialności (NP)
    • Peter Lorange.
260 -Strefa adresu wydawniczego [ , ]
    • a
    • Miejsce wydania (P)
    • New York :
    • b
    • Nazwa wydawcy (P)
    • Cambridge University Press,
    • c
    • Data wydania (P)
    • 2010.
300 -Strefa opisu fizycznego [ , ]
    • a
    • Określenie formy książki i/lub objętość (NP)
    • XIX, 240 s. :
    • b
    • Oznaczenie ilustracji (NP)
    • il. ;
    • c
    • Format (NP)
    • 23 cm.
336 -Typ zawartości [ , ]
    • a
    • Termin opisujący typ zawartości
    • Tekst
    • b
    • Kod określający zawartość
    • txt
    • 2
    • Źródło (terminu i kodu)
    • rdacontent
337 -Typ mediów [ , ]
    • a
    • Tryb odtwarzania
    • Bez urządzenia pośredniczącego
    • b
    • Kod typu mediów
    • n
    • 2
    • Źródło (terminu i kodu)
    • rdamedia
338 -Typ/rodzaj nośnika [ , ]
    • a
    • Hasło opisujące typ nośnika
    • Wolumin
    • b
    • Kod typu nośnika
    • nc
    • 2
    • Źródło (terminu i kodu)
    • rdacarrier
500 -Uwaga ogólna [ , ]
    • a
    • Uwaga ogólna (NP)
    • Druk cyfrowy.
504 -Uwaga dot. bibliogr. załącznikowej [ , ]
    • a
    • Uwaga dot. bibliografii załącznikowej
    • Indeks.
534 -Uwaga dot. podstawy reprodukcji [ , ]
    • p
    • Określenie wprowadzające
    • Reprint, oryg.:
    • c
    • Adres wydawniczy oryginału
    • 2008.
080 -Uniwersalna Klasyfikacja Dziesiętna [ , ]
    • 2
    • Identyfikator wydania tablic
    • BN KHW UKD
    • 9
    • UKD
    • 65912
    • a
    • Symbol klasyfikacji
    • 37.016:005
    • b
    • Dopowiedzenie
    • Nauczanie zarządzania.
    • 4
    • UKD2
    • 7644
    • x
    • Poddział wspólny
    • =111
    • c
    • Dopowiedzenie poddz. wspólnego
    • =Język angielski.
080 -Uniwersalna Klasyfikacja Dziesiętna [ , ]
    • 2
    • Identyfikator wydania tablic
    • UDC-P058
    • 9
    • UKD
    • 11985
    • a
    • Symbol klasyfikacji
    • 378.6:33
    • b
    • Dopowiedzenie
    • Wyższa szkoła ekonomiczna. Akademia ekonomiczna. Uniwersytet ekonomiczny.
    • 4
    • UKD2
    • 7644
    • x
    • Poddział wspólny
    • =111
    • c
    • Dopowiedzenie poddz. wspólnego
    • =Język angielski.
980 -Symbol UKD [ , ]
    • a
    • UKD
    • 37.016:005:378.6:33]=111
710 -Hasło dodatkowe - nazwa ciała zbiorowego [2, ]
    • a
    • Nazwa ciała zbiorowego lub nazwa geograficzna jako pierwszy element (NP)
    • Cambridge University Press.
    • 4
    • Kod relacji
    • pbl
    • 9
    • KHW
    • 615085
920 -ISBN [ , ]
    • a
    • ISBN
    • 978-0-521-89722-8 Find
    • q
    • Dopowiedzenie
    • Hardback
920 -ISBN [ , ]
    • a
    • ISBN
    • 978-0-521-15912-8 Find
    • q
    • Dopowiedzenie
    • Paperback
Data inwentaryzacji Lokalizacja Numer inwentarzowy Status udost.
2014-05-16TT.16919-2